00983 a2200169 4500003000500000005001700005008004100022040000900063082001500072100003600087245004400123260004700167300001100214500000800225505055100233538002900784Nust20170320155445.0170320b xxu||||| |||| 00| 0 eng d cNust a230.01 CHR aAbdul waheed khan (Compiles by) aChristianity ExposedcAbdul waheed khan aKarachibAbdul waheed khan group capc2012 a516 p. aH.B aForeword (Page-3)Towards Understanding Christianity (Page-5) Errors and Contradiction on Bible (Page-117) Religion of Jesus Christ or Rekigion of Saint Paul (Page-159) What Western Scholars say about Trinity (Page-184)Christianity Points to Ponder (Page-243) Why they have Chosen Islam (Page-285) Arrival of Muhammad (Peace Be Upon Him) is Mentioned 34 Times in Bible (Page-307) Questions about Christianity (Page-327)Contents (Page-347)Let the Bible Speak (Page-347) What Quraan Says about Christaianity (Page-419) Inter Faith Essays (Page-483) aAlmirah No.47 Shelf No.6